Biblioteca

Las palabras de Jesús sobre el divorcio y su interpretación en la tradición neotestamentaria (Registro nro. 69675)

Detalles MARC
000 -LÍDER
Campo fijo de descripción fija 01359nab a2200241 i 4500
001 - NÚMERO DE CONTROL
Campo de control 768714001
003 - IDENTIFICADOR DEL NÚMERO DE CONTROL
Campo de control CO-MdFUSB
005 - FECHA Y HORA DE LA ULTIMA TRANSACCIÓN
control field 20240514114215.0
008 - ELEMENTOS DE LONGITUD FIJA -- INFORMACIÓN GENERAL
Campo fijo de descripción fija -- Información general 240510t1970 sp ||||| |||| 00| 0 spa d
040 ## - FUENTE DE CATALOGACIÓN
Idioma de catalogación spa
Agencia que realiza la transcripción CO-MdFUSB
Agencia que realiza la modificación CO-MdFUSB
041 ## - CÓDIGO DE IDIOMA
Código de idioma para texto/pista de sonido o título separado spa
100 ## - ASIENTO PRINCIPAL--NOMBRE PERSONAL
Nombre personal Hoffmann, Paul,
Término relacionador autor
245 #4 - TÍTULO
Título Las palabras de Jesús sobre el divorcio y su interpretación en la tradición neotestamentaria
Mención de responsabilidad / Paul Hoffmann
520 ## - NOTA DE RESUMEN, ETC.
Nota de sumario, etc. En el presente estudio exegético vamos a determinar, en primer lugar, la forma más antigua que presenta en la tradición el logion de Jesús sobre el divorcio, así como las expresiones que se refieren a su contenido (I). En la segunda parte nos preguntamos cómo se interpretaron las palabras de Jesús y sus exigencias en las distintas situaciones de la Iglesia primitiva (II). En la tercera parte resumiremos las observaciones particulares en torno a la problemática de fondo (III).
600 ## - PUNTO DE ACCESO ADICIONAL DE MATERIA - NOMBRE DE PERSONA
Subdivisión cronológica Matrimonio como institución
650 #2 - ASIENTO SECUNDARIO DE MATERIA - TERMINO TEMÁTICO
Término temático o nombre geográfico como elemento de entrada Conciencia (Moral)
9 (RLIN) 927
650 #7 - ASIENTO SECUNDARIO DE MATERIA - TERMINO TEMÁTICO
Término temático o nombre geográfico como elemento de entrada Cristología
9 (RLIN) 239
650 #7 - ASIENTO SECUNDARIO DE MATERIA - TERMINO TEMÁTICO
Término temático o nombre geográfico como elemento de entrada Matrimonio
9 (RLIN) 300
653 ## - TÉRMINO DE INDIZACIÓN - NO CONTROLADO
Término no controlado Matrimonio como institución
773 0# - ASIENTO DE ITEM FUENTE
Biblionumber 49450
Itemnumber 82618
Otro identificador del ítem R2545
Título Revista internacional de teología Concilium
Número de control del registro (CO-MdFUSB)8
Número Internacional Normalizado para Publicaciones Seriadas (ISSN) 0210-1041
Parte(s) relacionada(s) / Volumen., número. (mes año), páginas Número 55, (mayo, 1970), páginas: 210 - 225
Enumeración y primera página página: 210
942 ## - TIPO DE MATERIAL (KOHA)
Tipo de Item KOHA Artículos de Revista
945 ## - INFORMACIÓN LOCAL DEL REGISTRO
Catalogador Catherine Arias Alvarez - Practicante SENA

No hay ítems disponibles.

Biblioteca FUSBC | Teléfono: (57+4) 349 88 10 Ext. 141| WhatsApp (+57) 3005338115 
E-mail: biblioteca@unisbc.edu.co | Calle 76 87-14 Robledo Palenque, Medellín, Colombia

Con tecnología Koha